Type 21. (Record no. 63374)

000 -LEADER
fixed length control field 00482nam a22001937a 4500
003 - CONTROL NUMBER IDENTIFIER
control field NUST - PNEC
005 - DATE AND TIME OF LATEST TRANSACTION
control field 20170116180811.0
008 - FIXED-LENGTH DATA ELEMENTS--GENERAL INFORMATION
fixed length control field 150430b xxu||||| |||| 00| 0 eng d
020 ## - INTERNATIONAL STANDARD BOOK NUMBER
International Standard Book Number 0711019037
040 ## - CATALOGING SOURCE
Transcribing agency LIBRARY
082 ## - DEWEY DECIMAL CLASSIFICATION NUMBER
Classification number 623.8254 LIP
100 ## - MAIN ENTRY--PERSONAL NAME
9 (RLIN) 3372
Personal name Lippiett, John
245 ## - TITLE STATEMENT
Title Type 21.
Statement of responsibility, etc. John Lippiett.
250 ## - EDITION STATEMENT
Edition statement -
260 ## - PUBLICATION, DISTRIBUTION, ETC.
Place of publication, distribution, etc. London :
Name of publisher, distributor, etc. Ian Allan,
Date of publication, distribution, etc. c 1990.
300 ## - PHYSICAL DESCRIPTION
Extent 109 p . :
650 ## - SUBJECT ADDED ENTRY--TOPICAL TERM
9 (RLIN) 3373
Topical term or geographic name entry element Type 21
General subdivision Type 21 (Frigates)
942 ## - ADDED ENTRY ELEMENTS (KOHA)
Source of classification or shelving scheme
Koha item type Book
Holdings
Withdrawn status Lost status Source of classification or shelving scheme Damaged status Not for loan Permanent Location Current Location Shelving location Date acquired Source of acquisition Cost, normal purchase price Total Checkouts Full call number Barcode Date last seen Cost, replacement price Price effective from Koha item type
          Pakistan Navy Engineering College (PNEC) Pakistan Navy Engineering College (PNEC)     Donated Books AS (Navy) 500.00   623.8254 LIP PNECLIB-025903 04/30/2015 500.00   Book
          Pakistan Navy Engineering College (PNEC) Pakistan Navy Engineering College (PNEC)     Donated Books 0.00   623.8254 LIP PNECLIB-025904 04/30/2015 0.00   Book
          Pakistan Navy Engineering College (PNEC) Pakistan Navy Engineering College (PNEC)     Donated By PN Book Club 100.00   623.8254 LIP PNECLIB-026207 04/30/2015 100.00   Book
          Pakistan Navy Engineering College (PNEC) Pakistan Navy Engineering College (PNEC)   10/08/2015       623.8254 LIP PNECLIB-031077 10/08/2015     Book
© 2023 Central Library, National University of Sciences and Technology. All Rights Reserved.